Caucasus Ethnic flags (Kavkaz) - Statistics

General Stats
  • This quiz has been taken 133 times
  • The average score is 11 of 16
Answer Stats
Picture Hint Answer % Correct
Armenians (Armenia)
97%
Georgians (Georgia)
97%
Chechens (Chechnya)
88%
Abkhaz (Abkhazia)
86%
Azeris (Azerbaijan)
85%
Circassians (Circassia)
85%
Ossetians (Ossetia)
83%
Ingush (Ingushetia)
82%
Avars (Dagestan/Northern Azerbaijan)
67%
2 ethnicities that speak the same language Karachays/Balkars (Karachay/Balkaria)
59%
Lezgins (Dagestan/Northern Azerbaijan)
54%
Abazins (Abazinia, Circassia)
50%
Nogais (Dagestan)
50%
Kumyks (Dagestan)
45%
Dargins (Dagestan)
42%
Tabasarans (Dagestan)
24%
No matching quizzes found
Score Distribution
Percent of People with Each Score
Percentile by Number Answered
Your Score History
You have not taken this quiz